000 00960nam a2200241 i 4500
001 35456
003 ES-MaACL
005 20230906155130.0
007 t|
008 030213m19121916fr ||||1| fre d
100 0 _aBouasse, H.
_930820
245 1 0 _aCours de physique /
_cpar Henri Pierre Maxime Bouasse.
250 _a2eme ed., augm.
260 _aParis :
_bDelagrave,
_c[1912-16]
300 _a5 t. en 9 v. :
_bil. ;
_c25 cm.
505 8 _aContiene: T. I: Cours de mecanique physique. -- T. II: Cours de thermodynamique. -- T. III: Cours de magnétisme et electricité. -- T. IV: Optique: Etude des instruments. -- T. V: Electroptique: Ondes hertziennes. -- T. VI: Etudes symétries
740 0 _aCours de mecanique physique.
740 0 _aCours de thermodynamique.
740 0 _aCours de magnétisme et electricité.
740 0 _aOptique: Etude des instruments.
740 0 _aElectroptique: Ondes hertziennes.
852 _aES-MaACL
_jB-4851-59
999 _c35456
_d35456